00575nam a2200169 450000500170000001000150001702000260003203500140005803700130007208200120008510000160009724501050011326000530021827000580027130000260032950000500035520190424142852.0 aENG-125074 a9789381574027c330.00 aEN-108606 bDBAD/PUB a306.209 aBasu, Asoke aThe rise of civil society in Bengal:bduring the eighteenth and nineteenth centuries/cby Asoke Basu aKolkatabProfessor Mihir Kumar Chakrabartic2012 aThe Asiatic Society, 1, Park StreetbKolkatae700016 axxii,265p.c22cm.(Hb) aincludes bibliographical references and index